1667 1274 1941 1323 1663 1065 1097 1333 1103 1888 1692 1916 1899 1637 1285 1646 1401 1555 1172 1483 1906 1750 1436 1894 1988 1563 1076 1037 1828 1487 1247 1064 1053 1989 1498 1061 1020 1408 1895 1995 1082 1563 1036 1133 1275 1976 1754 1170 1661 1032 1631 1563 1907 1107 1272 1684 1661 1513 1847 1560 1267 1644 1576 1828 1974 1395 1956 1256 1930 1662 1467 1555 1592 1824 1715 1560 1920 1001 1018 1732 1690 1597 1085 1506 1217 1215 1514 1812 1839 1544 1019 1534 1307 1434 1365 1317 1293 1700 1767 BCNSPRNW ULIB Ver.6.0+V

เปลี่ยนเป็นภาษาไทย

Change to English
 แสดงรายละเอียดบรรณานุกรม
  กลับหน้าหลัก

Brief Record : Get Marc (ISO 2709) : E-mail record : QR code < ปิดหน้าต่าง
LEADER : 00000nam 2200000uu 4500
001    13399123606
003     ULIB
008    141017s2556||||th 000 0 tha d
020    ^a9786167546216
060  4 WB327^bส719ร
100 0  ^aสิทธา ลิขิตนุกูล
245 00 ^aรู้ทันโรคไม่ป่วย/ ^cโดย สิทธา ลิขิตนุกูล
260    ^aสมุทรปราการ : ^bมายเบสส์บุ๊คส์,^c2556
300    ^a216 หน้า : ^bภาพประกอบ ; ^c21ซม
650  0 ^aรู้ทันโรคไม่ป่วย^xโรค-การป้องกันและควบคุม
945    ^p169^l0^i21502
945    ^p169^l0^i21503
945    ^p169^l0^i21504
945    ^p169^l0^i21505
945    ^p169^l0^i21506
999    ^aทศพร เกษรทอง
รายการนี้ยังไม่มีแท็ก
คุณยังไม่ได้ล็อกอิน คุณสามารถมีกิจกรรมร่วมกับเว็บไซต์ได้ แต่ต้องล็อกอินก่อน ::
  ล็อกอิน

รายการสื่อสารสนเทศ

ลำดับที่ ประเภท เลขเรียก/บาร์โค้ด สถานที่ สถานะ
1. วิทยาศาสตร์การแพทย์ และสุขภาพ
หนังสือสำรอง
สถานะ=หนังสือสำรอง
WB327 ส719ร ฉ.1 
  Barcode: 21502
ห้องสมุดวิทยาเขตนครสวรรค์
►ส่วนจัดเก็บหนังสือเก่า นว.
บนชั้น
  ขอยืม
2. วิทยาศาสตร์การแพทย์ และสุขภาพ
วิทยาศาสตร์การแพทย์ และสุขภาพ
WB327 ส719ร ฉ.2 
  Barcode: 21503
ห้องสมุดวิทยาเขตนครสวรรค์
►ส่วนจัดเก็บหนังสือเก่า นว.
บนชั้น
  ขอยืม
3. วิทยาศาสตร์การแพทย์ และสุขภาพ
วิทยาศาสตร์การแพทย์ และสุขภาพ
WB327 ส719ร ฉ.3 
  Barcode: 21504
ห้องสมุดวิทยาเขตนครสวรรค์
►ส่วนจัดเก็บหนังสือเก่า นว.
บนชั้น
  ขอยืม
4. วิทยาศาสตร์การแพทย์ และสุขภาพ
วิทยาศาสตร์การแพทย์ และสุขภาพ
WB327 ส719ร ฉ.4 
  Barcode: 21505
ห้องสมุดวิทยาเขตนครสวรรค์
►ส่วนจัดเก็บหนังสือเก่า นว.
บนชั้น
  ขอยืม
5. วิทยาศาสตร์การแพทย์ และสุขภาพ
วิทยาศาสตร์การแพทย์ และสุขภาพ
WB327 ส719ร ฉ.5 
  Barcode: 21506
ห้องสมุดวิทยาเขตนครสวรรค์
►ส่วนจัดเก็บหนังสือเก่า นว.
บนชั้น
  ขอยืม

รายการใกล้เคียง
    ผู้แต่ง [สิทธา ลิขิตนุกูล]

BibComment


ยังไม่เคยถูกคอมเมนท์

คอมเมนท์ทรัพยากรรายการนี้
  คอมเมนท์: รู้ทันโรคไม่ป่วย..


 Copyright 2026. Bcnsprnw @Library